Quo vadis ?

Podrobná bibliografia
Hlavný autor: Sienkiewicz, Henryk, 1846-1916 (Autor)
Médium: Kniha
Jazyk:slovenčina
poľština
Fyzický popis:499 s.
Vydavateľské údaje: Bratislava Tatran 1971
Predmet:

MARC

LEADER 00000nam a2200000 a 4500
001 vtls001397224
003 SK-MaSNL
005 20260301201845.0
008 240318s1971 xo 0 slo
035 |a SNK000351621 
040 |a SNK  |b slo  |c SNK  |e AACR2 
041 1 |a slo  |h pol 
044 |a xo  |c SK 
072 7 |a 821.162.1  |x Poľská literatúra  |2 konspekt 
080 |a 821.162.1-31  |2 2001 
080 |a (0:82-311.6)  |2 2001 
100 1 |a Sienkiewicz, Henryk,  |d 1846-1916  |4 aut  |9 86198 
245 1 0 |a Quo vadis ?  |c Henryk Sienkiewicz 
260 |a Bratislava  |b Tatran  |c 1971 
300 |a 499 s. 
655 7 |a historické romány  |2 SNKPH  |9 70253 
655 7 |a poľské romány  |2 SNKPH  |9 70521 
999 |c 896567  |d 898497 
952 |t P60, <05>, [BOOK], {605}  |a SNK  |b SNK  |y PREZ  |7 0  |p 17A0252719  |o snkSD 38393 D1  |i snkKSP 1028/71  |0 0  |1 0  |4 0  |d 2000-09-28  |l 0  |r 2005-01-02 00:00:00  |w 2026-02-24 
952 |a SNK  |b SNK  |y PREZ  |7 0  |p 17A0895574  |o snkSD 38393   |0 0  |1 0  |4 0  |d 2013-08-13  |l 0  |r 2026-02-24 07:00:46  |w 2026-02-24